000 00470nam a2200169 i 4500
001 27922
003 ES-MaACL
005 20230906153730.0
007 t|
008 030115s1917 sp ||||1| spa d
100 1 _aBacarisse, Mauricio,
_d1895-1931
_924439
245 1 3 _aEl esfuerzo /
_cMauricio Bacarisse.
260 _aMadrid :
_b[s.n.,
_c1917] (
_fTip. de José Yagües)
300 _a134 p. ;
_c18 cm.
852 _aES-MaACL
_jF-10303
999 _c27922
_d27922